Statystyki dla Wszyscy Polscy arcymistrzowie szachowi

Kliknij tutaj aby rozwiązać quiz!

Ogólne statystyki

  • Ten quiz został rozwiązany 94 razy
  • Średni wynik to 10 z 56

Statystyki odpowiedzi

NumeryOdpowiedzi% Poprawnych
42.Jan-Krzysztof Duda
99%
26.Radosław Wojtaszek
73%
44.Zbigniew Pakleza
53%
15.Bartosz Soćko
50%
32.Monika Soćko
50%
24.Mateusz Bartel
46%
1.Mieczysław Najdorf
36%
39.Kacper Piorun
33%
7.Michał Krasenkow
29%
34.Wojciech Moranda
29%
20.Artur Jakubiec
23%
43.Marcin Tazbir
18%
28.Grzegorz Gajewski
17%
49.Grzegorz Nasuta
17%
41.Kamil Dragun
17%
3.Ksawery Tartakower
17%
4.Włodzimierz Schmidt
17%
31.Marcin Dziuba
15%
53.Marcin Krzyżanowski
15%
13.Tomasz Markowski
15%
2.Akiba Rubinstein
14%
29.Bartłomiej Heberla
14%
14.Bartłomiej Macieja
14%
6.Bogdan Śliwa
14%
12.Jacek Gdański
14%
40.Jacek Tomczak
14%
19.Mirosław Grabarczyk
14%
5.Adam Kuligowski
13%
51.Oskar Wieczorek
13%
27.Paweł Czarnota
13%
48.Daniel Sadzikowski
12%
33.Krzysztof Jakubowski
12%
52.Maciej Klekowski
12%
11.Robert Kempiński
12%
56.Szymon Gomularz
12%
47.Tomasz Warakomski
12%
23.Aleksander Miśta
10%
36Dariusz Świercz
10%
38.Krzysztof Bulski
10%
30.Radosław Jedynak
10%
54.Arkadiusz Leniart
9%
45.Jacek Stopa
9%
22.Łukasz Cyborowski
9%
10.Marcin Kamiński
9%
17.Paweł Jaracz
9%
8.Aleksander Wojtkiewicz
8%
21.Kamil Miltoń
8%
55.Łukasz Jarmuła
8%
46.Marcel Kanarek
8%
35.Michał Olszewski
8%
18.Paweł Blehm
8%
37.Rafał Antoniewski
8%
9.Robert Kuczyński
8%
50.Michał Matuszewski
6%
16.Jurij Zezutkin
3%
25.Piotr Borbas
3%

Rozkład punktacji

Percentyl według liczby udzielonych odpowiedzi

Procent ludzi z każdym wynikiem

Twoja historia wyników

Nie rozwiązałeś tego quizu